Normal view
MARC view
- وضعة فكري، علي
Entry Personal Name
001 - CONTROL NUMBER
- control field: 13685
003 - CONTROL NUMBER IDENTIFIER
- control field: JO-AjAnu
005 - DATE AND TIME OF LATEST TRANSACTION
- control field: 20230606072504.0
008 - FIXED-LENGTH DATA ELEMENTS
- fixed length control field: 230606|| aca||aabn | a|a d
040 ## - CATALOGING SOURCE
- Original cataloging agency: JO-AjAnu
- Transcribing agency: JO-AjAnu
100 ## - HEADING--PERSONAL NAME
- Personal name: وضعة فكري، علي
670 ## - SOURCE DATA FOUND
- Source citation: Work cat.: (JO-AjAnu)7039: وضعة فكري، علي, author, احسن القصص: الخلفاء الراشدون، ج3